| 000 -LEADER |
| fixed length control field |
00844cam a2200253 a 4500 |
| 020 ## - INTERNATIONAL STANDARD BOOK NUMBER |
| ISBN |
0027357740 : |
| 040 ## - CATALOGING SOURCE |
| Transcribing agency |
DLC |
| 082 00 - DEWEY DECIMAL CLASSIFICATION NUMBER |
| Classification number |
333 MAC 1991 A018 Or. |
| 100 1# - MAIN ENTRY--AUTHOR NAME |
| Personal name |
Gallant, Roy A. |
| 245 10 - TITLE STATEMENT |
| Title |
Earth's vanishing forests / |
| 250 ## - EDITION STATEMENT |
| Edition statement |
1st ed. |
| 260 ## - PUBLICATION, DISTRIBUTION, ETC. (IMPRINT) |
| Place of publication |
New York : |
| Name of publisher |
Macmillan ; |
| Place of publication |
Toronto : |
| Name of publisher |
Maxwell Macmillan Canada ; |
| Place of publication |
New York : |
| Name of publisher |
Maxwell Macmillan International, |
| Year of publication |
c1991. |
| 300 ## - PHYSICAL DESCRIPTION |
| Number of Pages |
xiii, 162 p. : |
| Other physical details |
ill. ; |
| Dimensions |
24 cm. |
| 520 ## - SUMMARY, ETC. |
| Summary, etc |
Discusses the ecology of rain forests, the problem posed by the present danger to rain forests, and possibilities for the future. |
| 650 #0 - SUBJECT ADDED ENTRY--TOPICAL TERM |
| Topical Term |
Rain forest ecology |
| 650 #0 - SUBJECT ADDED ENTRY--TOPICAL TERM |
| Topical Term |
Deforestation |
| 650 #0 - SUBJECT ADDED ENTRY--TOPICAL TERM |
| Topical Term |
Nature |
| 650 #0 - SUBJECT ADDED ENTRY--TOPICAL TERM |
| Topical Term |
Rain forest conservation |
| 650 #1 - SUBJECT ADDED ENTRY--TOPICAL TERM |
| Topical Term |
Rain forest ecology. |
| 650 #1 - SUBJECT ADDED ENTRY--TOPICAL TERM |
| Topical Term |
Rain forest conservation. |
| 650 #1 - SUBJECT ADDED ENTRY--TOPICAL TERM |
| Topical Term |
Nature |
| 650 #1 - SUBJECT ADDED ENTRY--TOPICAL TERM |
| Topical Term |
Ecology. |
| 942 ## - ADDED ENTRY ELEMENTS (KOHA) |
| Koha item type |
សៀវភៅភាសាអង់គ្លេស |
| 952 ## - LOCATION AND ITEM INFORMATION (KOHA) |
| Withdrawn status [LOCAL, KOHA] |
0 |